01327nam a22002897a 4500003000400000005001700004008004100021010001300062020002200075035002400097037001600121040001500137082001600152100002800168245006900196260004600265270005200311300002500363500005100388650002300439650004500462942002500507999001900532952016300551952019100714952013200905dpl20180531130032.0180531b xxu||||| |||| 00| 0 eng d aA-948827 c00.00a8185565627 aA-948827, A-948828 bCen Lib/Ret aDPLbENc0 a363.44bMUM aMumtaz Ali Khan 916620 aStreet girls and immoral traffic in India /cby Mumtaz Ali Khan  aNew Delhi bUppal Publishing House c1996 bNew Delhi a3, Ansari Road, Daryaganj e110002 axvi, 155p.c21cm(Hb) aIncludes bibliographical references and index  aProstitutes916621 aProstitution -- Immoral trafficin973088 2ddccENh363.44mMUM c125861d125861 04104070aLbLd2015-06-23eCen Lib/Retg0.00l0o363.44 MUMpA-948827r2015-06-23 00:00:00t1v0.00w2015-06-23yENzW/d List No. 6867/22 ; dtd 11/08/2020 04104070aLbLd2015-06-24eCen Lib/Ret g0.00l0o363.44 MUMpA-948825r2015-06-24 00:00:00t1v0.00w2015-06-24yENzWritten off on approval by DLB (By Circulation); dtd 15-06-2023 00102ddc40708NFICaBL4bBL4d2018-05-31eBPPD/PUBg0.00l0o363.44 MUMpA-948828r2018-05-31 00:00:00v0.00w2018-05-31yEN